| 000 | 00662nam a2200217Ia 4500 | ||
|---|---|---|---|
| 001 | 17630 | ||
| 003 | GE_BSU | ||
| 008 | 181216s||||||||xx |||||||||||||| ||und|| | ||
| 040 | _cGE_BSU | ||
| 080 | _a621.791(035.3) | ||
| 100 | _aГлав. ред. В.К.Сердюк. | ||
| 245 | _aСправочник электросварщика. | ||
| 245 | _cБорм,М.М. Бялоцкий,Л.А. Васильев,Г.В. и др. | ||
| 250 | _aИзд. третье, перераб. | ||
| 260 | _aМ. | ||
| 260 | _bМашгиз. | ||
| 260 | _c1962. | ||
| 300 | _a750 стр. 21 см. | ||
| 653 | _aСправочник электросварщика. | ||
| 942 | _cBK | ||
| 999 |
_c50679 _d50679 |
||